El Imperio Ibérico (Registro nro. 151752)
[ vista simple ]
| 000 -LEADER | |
|---|---|
| campo de control de longitud fija | 00740nam a2200193 i 4500 |
| 001 - NÚMERO DE CONTROL | |
| campo de control | 151752 |
| 003 - IDENTIFICADOR DE NÚMERO DE CONTROL | |
| campo de control | ES-MaACL |
| 005 - FECHA Y HORA DE LA ÚLTIMA TRANSACCIÓN | |
| campo de control | 20231223063108.0 |
| 008 - DATOS DE LONGITUD FIJA--INFORMACIÓN GENERAL | |
| campo de control de longitud fija | 931025m18821883sp |||| | spa d |
| 100 1# - ENTRADA PRINCIPAL--NOMBRE DE PERSONA | |
| Nombre de persona | Becerra, Manuel, |
| Fechas asociadas al nombre | 1823-1896 |
| 9 (RLIN) | 26880 |
| 245 13 - MENCIÓN DEL TÍTULO | |
| Título | El Imperio Ibérico |
| Resto del título | : sus grandezas y decadencias, su influencia en el progreso y los elementos exteriores que han determinado su manera de ser / |
| Mención de responsabilidad, etc. | por Manuel Becerra. |
| 260 ## - PUBLICACIÓN, DISTRIBUCIÓN, ETC. | |
| Lugar de publicación, distribución, etc. | Madrid : |
| Nombre del editor, distribuidor, etc. | [s.n.], |
| Fecha de publicación, distribución, etc. | 1882-1883 ( |
| Fabricante | M.P. Montoya y Compañía) |
| 300 ## - DESCRIPCIÓN FÍSICA | |
| Extensión | 3 v. ; |
| Dimensiones | 24 cm. |
| 650 #4 - PUNTO DE ACCESO ADICIONAL DE MATERIA--TÉRMINO DE MATERIA | |
| Término de materia o nombre geográfico como elemento de entrada | España- |
| Subdivisión general | Historia. |
| 9 (RLIN) | 185483 |
| 650 #4 - PUNTO DE ACCESO ADICIONAL DE MATERIA--TÉRMINO DE MATERIA | |
| Término de materia o nombre geográfico como elemento de entrada | Portugal- |
| Subdivisión general | Historia. |
| 9 (RLIN) | 221729 |
| 752 ## - ENTRADA AGREGADA--NOMBRE JERÁRQUICO DEL LUGAR | |
| País o entidad superior | España - |
| Ciudad | Madrid |
| 852 ## - LOCALIZACIÓN | |
| Ubicación | ES-MaACL |
| Número de control de estantería | G-6274-76 |
| Nota libre | - Enc. hol. |
| Estatus retirado | Estado de pérdida | Estado de daño | No para préstamo | Colección | Biblioteca de origen | Biblioteca actual | Ubicación en estantería | Fecha de adquisición | Total de préstamos | Signatura topográfica completa | Código de barras | Visto por última vez | Precio de reemplazo | Tipo de ítem Koha |
|---|---|---|---|---|---|---|---|---|---|---|---|---|---|---|
| Libros del s. XIX | Biblioteca del Ateneo de Madrid | Biblioteca del Ateneo de Madrid | Depósito 2 | 17/01/2008 | G-6274-76 | 1158378 | 23/02/2023 | 23/02/2023 | Libro impreso antiguo |
